| 000 | 00491nam a2200181Ia 4500 | ||
|---|---|---|---|
| 005 | 20230921100029.0 | ||
| 008 | 131103s9999 xx 000 0 und d | ||
| 040 | _aLoreto College | ||
| 041 | _aEnglish | ||
| 082 |
_a262 _bKUN |
||
| 100 | _aKung,Hans | ||
| 245 |
_aThat the World May Believe _b letters to young people _cHans Kung; translated by Cecily Hastings |
||
| 260 |
_aLondon _bSheed and Ward _cc 1963 |
||
| 300 | _a88p. | ||
| 650 | _aReligion | ||
| 850 | _aLCLIB | ||
| 942 | _cBK | ||
| 999 |
_c23226 _d73705 |
||